[Event "European Championship"]
[Site "Plovdiv BUL"]
[Date "2012.03.28"]
[Round "8"]
[White "Malakhov, Vladimir"]
[Black "Azarov, Sergei"]
[Result "1-0"]
[WhiteElo "2705"]
[BlackElo "2667"]
[PlyCount "105"]
[EventDate "2012.03.20"]
[EventRounds "11"]
[EventCountry "BUL"]

1. c4 e6 2. Nf3 d5 3. b3 Be7 4. Bb2 Nf6 5. g3 O-O 6. Bg2 b6 7. O-O Bb7 8. e3
Nbd7 9. Nc3 Ne4 10. cxd5 exd5 11. Ne2 c5 12. d3 Bf6 13. Qc2 Bxb2 14. Qxb2 Qf6
15. Qxf6 Nexf6 16. Rfd1 Rfe8 17. Nc3 Nf8 18. d4 Ne6 19. dxc5 bxc5 20. Rac1 Rad8
21. Ne5 Ba8 22. Na4 g6 23. f4 Rc8 24. Bf3 d4 25. Bxa8 Rxa8 26. exd4 cxd4 27.
Nc5 Nxc5 28. Rxc5 Rad8 29. Rc7 Nd5 30. Rxa7 Nc3 31. Rd2 Ra8 32. Rd7 Nxa2 33.
R2xd4 Nc1 34. Rb4 Rad8 35. Rxd8 Rxd8 36. Rb7 Rd1+ 37. Kg2 Rd2+ 38. Kf3 Rxh2 39.
b4 Rb2 40. Nxf7 Rb3+ 41. Kg2 Ne2 42. Nh6+ Kf8 43. f5 gxf5 44. Nxf5 h5 45. b5
Nc3 46. b6 Na4 47. Rb8+ Kf7 48. b7 Nc5 49. Nd6+ Kg7 50. Rc8 Nxb7 51. Rc7+ Kg6
52. Rxb7 Rd3 53. Nc4 1-0

[Event "European Championship"]
[Site "Plovdiv BUL"]
[Date "2012.03.28"]
[Round "8"]
[White "Matlakov, Maxim"]
[Black "Bologan, Viktor"]
[Result "1-0"]
[WhiteElo "2632"]
[BlackElo "2687"]
[PlyCount "87"]
[EventDate "2012.03.20"]
[EventRounds "11"]
[EventCountry "BUL"]

1. d4 d5 2. c4 c6 3. Nc3 Nf6 4. Nf3 dxc4 5. a4 e6 6. e4 Bb4 7. e5 Nd5 8. Bd2 b5
9. axb5 Bxc3 10. bxc3 cxb5 11. Ng5 h6 12. Qh5 O-O 13. Ne4 Nc6 14. h4 f5 15. Nd6
Bd7 16. Rh3 Be8 17. Qd1 Qe7 18. g4 Rd8 19. g5 f4 20. gxh6 gxh6 21. Nxb5 Nxe5
22. Rxa7 Qf6 23. Na3 Nd3+ 24. Rxd3 cxd3 25. Bxd3 Qxh4 26. Qf3 Rf7 27. Rxf7 Bxf7
28. c4 Ne3 29. Qe4 Nf5 30. Nc2 Rb8 31. Bxf4 Rb1+ 32. Kd2 Qxf2+ 33. Kc3 Kh7 34.
Be5 Rd1 35. Be2 Rc1 36. Bd3 h5 37. Qa8 Kh6 38. Qf8+ Kg5 39. Qxf7 Qe1+ 40. Kb3
Rb1+ 41. Ka2 Qc1 42. d5 Rb6 43. Qg8+ Kh6 44. Qf8+ 1-0

[Event "European Championship"]
[Site "Plovdiv BUL"]
[Date "2012.03.28"]
[Round "8"]
[White "Mchedlishvili, Mikheil"]
[Black "Dreev, Aleksey"]
[Result "1/2-1/2"]
[WhiteElo "2626"]
[BlackElo "2698"]
[PlyCount "82"]
[EventDate "2012.03.20"]
[EventRounds "11"]
[EventCountry "BUL"]

1. c4 c6 2. Nf3 d5 3. d4 Nf6 4. Qb3 e6 5. Bg5 Nbd7 6. Nc3 Be7 7. e3 O-O 8. Bd3
dxc4 9. Qxc4 Nd5 10. Bxe7 Qxe7 11. Rd1 N5b6 12. Qb3 e5 13. Qc2 h6 14. O-O exd4
15. Nxd4 Nf6 16. Ne4 Nxe4 17. Bxe4 Bg4 18. Rd2 c5 19. Nf5 Bxf5 20. Bxf5 Rfd8
21. Rfd1 Rxd2 22. Rxd2 Rd8 23. Rxd8+ Qxd8 24. g3 Qe7 25. Be4 Nc8 26. Bd5 b5 27.
Bc6 b4 28. Bb5 Nb6 29. h4 g6 30. Be2 h5 31. a3 c4 32. axb4 Qxb4 33. Qc1 a5 34.
e4 c3 35. bxc3 Qxe4 36. Bb5 Nc4 37. Qa1 Nd2 38. Qxa5 Nf3+ 39. Kf1 Nd2+ 40. Kg1
Nf3+ 41. Kf1 Nd2+ 1/2-1/2

[Event "European Championship"]
[Site "Plovdiv BUL"]
[Date "2012.03.28"]
[Round "8"]
[White "Movsesian, Sergei"]
[Black "Pantsulaia, Levan"]
[Result "1-0"]
[WhiteElo "2702"]
[BlackElo "2595"]
[PlyCount "61"]
[EventDate "2012.03.20"]
[EventRounds "11"]
[EventCountry "BUL"]

1. Nf3 c5 2. e4 e6 3. d4 cxd4 4. Nxd4 a6 5. Nc3 b5 6. Bd3 Qb6 7. Nb3 Qc7 8. O-O
Bb7 9. Qe2 Nf6 10. f4 d6 11. Kh1 Nbd7 12. Bd2 Nc5 13. Nxc5 dxc5 14. e5 Nd5 15.
Nxd5 Bxd5 16. c4 bxc4 17. Bxc4 Qc6 18. f5 Bxc4 19. Qxc4 Qd5 20. Qc2 Rc8 21.
Rad1 exf5 22. Bg5 Qc6 23. Qxf5 Qe6 24. Qc2 Be7 25. Bxe7 Kxe7 26. Rd6 Qxe5 27.
Rdd1 Kf8 28. Rd7 Qe6 29. Qd2 Re8 30. Qd6+ Qxd6 31. Rfxf7+ 1-0

[Event "European Championship"]
[Site "Plovdiv BUL"]
[Date "2012.03.28"]
[Round "8"]
[White "Naiditsch, Arkadij"]
[Black "Najer, Evgeniy"]
[Result "1/2-1/2"]
[WhiteElo "2702"]
[BlackElo "2640"]
[PlyCount "124"]
[EventDate "2012.03.20"]
[EventRounds "11"]
[EventCountry "BUL"]

1. e4 c5 2. Nf3 d6 3. d4 cxd4 4. Nxd4 Nf6 5. Nc3 Nc6 6. Bg5 g6 7. Bxf6 exf6 8.
Bb5 Bd7 9. Qd2 Bg7 10. O-O-O O-O 11. Nb3 a6 12. Be2 f5 13. Qxd6 Qg5+ 14. Kb1
Rad8 15. h4 Qe7 16. Qxe7 Nxe7 17. Nd5 Nc6 18. Bf3 Rfe8 19. exf5 Bxf5 20. Ne3
Bc8 21. Bxc6 bxc6 22. Na5 c5 23. c3 Bh6 24. Nac4 Be6 25. g3 f6 26. f4 Bf8 27.
Rxd8 Rxd8 28. Kc2 Kf7 29. h5 gxh5 30. Rxh5 Kg6 31. Rh2 h5 32. Nd2 Bf7 33. Nf3
Rd7 34. c4 Rd8 35. Nh4+ Kg7 36. Rd2 Rxd2+ 37. Kxd2 Be6 38. Kd3 Kf7 39. Nhf5 Bd7
40. b3 Ke6 41. Ke4 Be8 42. Nh4 Bd6 43. Nd5 Bc6 44. Nf5 Bf8 45. Nfe3 Bd6 46. Kd3
f5 47. Ng2 Bxd5 48. cxd5+ Kxd5 49. Nh4 Ke6 50. Kc4 Be7 51. Ng6 Bf6 52. Nf8+ Kd6
53. Ng6 Ke6 54. a4 Bd4 55. b4 Bf2 56. b5 axb5+ 57. Kxb5 c4 58. Kxc4 Bxg3 59. a5
Kd6 60. a6 Kc6 61. Ne7+ Kb6 62. Nxf5 Bxf4 1/2-1/2

[Event "European Championship"]
[Site "Plovdiv BUL"]
[Date "2012.03.28"]
[Round "8"]
[White "Sutovsky, Emil"]
[Black "Khenkin, Igor"]
[Result "0-1"]
[WhiteElo "2700"]
[BlackElo "2632"]
[PlyCount "90"]
[EventDate "2012.03.20"]
[EventRounds "11"]
[EventCountry "BUL"]

1. e4 c6 2. d4 d5 3. e5 c5 4. Nf3 Bg4 5. dxc5 Nc6 6. c3 e6 7. Be3 Bxf3 8. Qxf3
Nge7 9. Nd2 a6 10. O-O-O Nxe5 11. Qg3 Nd7 12. Bd3 Ng6 13. Nb3 Rc8 14. f4 Qh4
15. f5 Qxg3 16. hxg3 Nge5 17. fxe6 Nxd3+ 18. Rxd3 fxe6 19. Bd4 Nxc5 20. Nxc5
Bxc5 21. Bxg7 Rg8 22. Be5 Rg5 23. Bf4 Rg7 24. Be5 Rg5 25. Bf4 Rg7 26. Rf3 Kd7
27. Bh6 Rg6 28. Rf7+ Kc6 29. Bf4 h6 30. Rh7 Bf8 31. Rh8 Kd7 32. Rh7+ Kc6 33.
Kd1 Bg7 34. Ke1 b5 35. Kf2 Rf8 36. Kg1 Rf5 37. Bxh6 Be5 38. Ra7 d4 39. Rxa6+
Kb7 40. Ra3 dxc3 41. Be3 cxb2 42. Rb3 Rxg3 43. Rxb5+ Ka6 44. Rb6+ Ka5 45. Bc5
Rc3 0-1

[Event "European Championship"]
[Site "Plovdiv BUL"]
[Date "2012.03.28"]
[Round "8"]
[White "Vallejo Pons, Francisco"]
[Black "Khairullin, Ildar"]
[Result "1-0"]
[WhiteElo "2693"]
[BlackElo "2626"]
[PlyCount "167"]
[EventDate "2012.03.20"]
[EventRounds "11"]
[EventCountry "BUL"]

1. e4 c6 2. Nc3 d5 3. Nf3 Nf6 4. e5 Ne4 5. d4 Nxc3 6. bxc3 Bg4 7. h3 Bxf3 8.
Qxf3 e6 9. h4 h5 10. a4 Be7 11. Rb1 Qc7 12. c4 Nd7 13. Rh3 Rb8 14. c3 g6 15.
Bd2 Nb6 16. c5 Nxa4 17. c4 Nxc5 18. dxc5 Qxe5+ 19. Be2 Qc7 20. Qc3 e5 21. Qa5
b6 22. Rhb3 O-O 23. cxb6 axb6 24. Rxb6 Ra8 25. Ra6 Qxa5 26. Rxa5 Bxh4 27. cxd5
Rxa5 28. Bxa5 cxd5 29. Rb5 e4 30. g3 Bf6 31. Rxd5 Rc8 32. Kf1 Kg7 33. Bd2 Rd8
34. Bc4 Rc8 35. Bb3 Rb8 36. Bc2 Re8 37. Bf4 Re7 38. Rc5 Bb2 39. Rb5 Ba1 40. Ra5
Bc3 41. Ra3 Bb2 42. Rb3 Ba1 43. Bd6 Rd7 44. Rb6 Bd4 45. Rc6 f5 46. Ba4 Ra7 47.
Rc4 Bf6 48. Be8 h4 49. g4 fxg4 50. Rxe4 g3 51. fxg3 hxg3 52. Kg2 Ra5 53. Bxg3
Rg5 54. Ba4 Ra5 55. Rc4 Be5 56. Bf2 Bd6 57. Bd4+ Be5 58. Be3 Rd5 59. Bc2 Rd6
60. Kf3 Re6 61. Re4 Re7 62. Ra4 Bf6 63. Rg4 g5 64. Rg2 Re8 65. Bd3 Rf8 66. Kg4
Re8 67. Rg3 Rd8 68. Bf5 Ra8 69. Rg2 Ra4+ 70. Kf3 Ra3 71. Rg4 Ra5 72. Bc2 Re5
73. Rc4 Re7 74. Be4 Rf7 75. Kg4 Re7 76. Ra4 Re8 77. Bc5 Re5 78. Ba3 Re8 79.
Ra7+ Kh8 80. Bf5 Rd8 81. Kh5 Bd4 82. Rh7+ Kg8 83. Kg6 Re8 84. Be7 1-0

[Event "European Championship"]
[Site "Plovdiv BUL"]
[Date "2012.03.28"]
[Round "8"]
[White "Volokitin, Andrei"]
[Black "Lenic, Luka"]
[Result "1-0"]
[WhiteElo "2695"]
[BlackElo "2637"]
[PlyCount "63"]
[EventDate "2012.03.20"]
[EventRounds "11"]
[EventCountry "BUL"]

1. e4 c6 2. d4 d5 3. e5 Bf5 4. Nf3 e6 5. Be2 c5 6. Be3 Nd7 7. O-O a6 8. c4 Ne7
9. Nc3 cxd4 10. Nxd4 dxc4 11. Bxc4 Nxe5 12. Qa4+ N5c6 13. Rfd1 Qa5 14. Qb3
O-O-O 15. Rd2 Nxd4 16. Bxd4 Rd6 17. Rc1 Nc6 18. Bb6 Qe5 19. Re2 Qf4 20. Be3 Qe5
21. Na4 b5 22. Bc5 bxc4 23. Qf3 Qxc5 24. Nxc5 Rd5 25. Na4 Nd4 26. Rxc4+ Kb8 27.
Rxd4 Rxd4 28. Qb3+ Bb4 29. a3 Rhd8 30. Nc3 Bc2 31. Qxc2 Bxc3 32. Qxc3 1-0

[Event "European Championship"]
[Site "Plovdiv BUL"]
[Date "2012.03.28"]
[Round "8"]
[White "Zontakh, Andrey"]
[Black "Navara, David"]
[Result "1/2-1/2"]
[WhiteElo "2556"]
[BlackElo "2700"]
[PlyCount "114"]
[EventDate "2012.03.20"]
[EventRounds "11"]
[EventCountry "BUL"]

1. d4 Nf6 2. c4 g6 3. Nc3 d5 4. Nf3 Bg7 5. cxd5 Nxd5 6. e3 O-O 7. Bc4 Nb6 8.
Bb3 c5 9. O-O cxd4 10. exd4 Bg4 11. d5 N8d7 12. h3 Bxf3 13. Qxf3 Rc8 14. Re1
Nc4 15. Bg5 Nde5 16. Qg3 h6 17. Bxc4 hxg5 18. Bb3 Nc4 19. Bxc4 Rxc4 20. Qxg5
Rxc3 21. bxc3 Bxc3 22. Rad1 Bxe1 23. Rxe1 Re8 24. Qe5 Qa5 25. Re4 Qxa2 26. Rh4
f6 27. Qe6+ Kg7 28. Re4 Kf8 29. h4 Qa3 30. h5 gxh5 31. Re3 Qd6 32. Qf5 h4 33.
Re4 Qa3 34. Rxh4 Qa1+ 35. Kh2 Qe5+ 36. Qxe5 fxe5 37. Kg3 Kg7 38. Kf3 Rf8+ 39.
Ke3 b5 40. Rh5 Rb8 41. Rxe5 Kf7 42. Kd3 a5 43. Kc3 Rc8+ 44. Kb3 Rc4 45. f3 a4+
46. Kb2 Rd4 47. Kc3 Rc4+ 48. Kb2 Rc5 49. g4 b4 50. Re4 a3+ 51. Kb3 Rxd5 52.
Kxb4 Rd3 53. Rf4+ Kg6 54. Rf8 e5 55. Kc4 a2 56. Ra8 Rxf3 57. Kd5 Kg5 1/2-1/2

[Event "European Championship"]
[Site "Plovdiv BUL"]
[Date "2012.03.29"]
[Round "9"]
[White "Akopian, Vladimir"]
[Black "Malakhov, Vladimir"]
[Result "1/2-1/2"]
[WhiteElo "2684"]
[BlackElo "2705"]
[PlyCount "31"]
[EventDate "2012.03.20"]
[EventRounds "11"]
[EventCountry "BUL"]

1. e4 e5 2. Nf3 Nc6 3. Bb5 Nf6 4. O-O Nxe4 5. d4 Nd6 6. Bxc6 dxc6 7. dxe5 Nf5
8. Qxd8+ Kxd8 9. Nc3 Ke8 10. h3 h5 11. Rd1 Be7 12. Ne2 Be6 13. Nf4 Bc8 14. Ne2
Be6 15. Nf4 Bc8 16. Ne2 1/2-1/2

[Event "European Championship"]
[Site "Plovdiv BUL"]
[Date "2012.03.29"]
[Round "9"]
[White "Aleksandrov, Aleksej"]
[Black "Riazantsev, Alexander"]
[Result "1/2-1/2"]
[WhiteElo "2604"]
[BlackElo "2710"]
[PlyCount "100"]
[EventDate "2012.03.20"]
[EventRounds "11"]
[EventCountry "BUL"]

1. d4 Nf6 2. c4 g6 3. Nc3 d5 4. Nf3 Bg7 5. e3 O-O 6. cxd5 Nxd5 7. Bc4 Nb6 8.
Bb3 c5 9. O-O cxd4 10. exd4 Nc6 11. d5 Na5 12. Be3 Bg4 13. h3 Bxf3 14. Qxf3
Bxc3 15. bxc3 Nxb3 16. Bxb6 Nd2 17. Qd3 Qxb6 18. Qxd2 Qc5 19. Rab1 b5 20. Rb4
Rfd8 21. Rd1 Rac8 22. a4 a6 23. axb5 axb5 24. Qe2 Qxc3 25. Rxb5 Qc4 26. Qxc4
Rxc4 27. Re1 Rc7 28. Ra1 Kg7 29. g3 Rd6 30. Kg2 Rc2 31. Ra3 Rd7 32. h4 Rd2 33.
Re3 f6 34. Kf3 Kf7 35. Re2 R2xd5 36. Rxd5 Rxd5 37. Ra2 Rd3+ 38. Kg2 Ke6 39.
Ra6+ Rd6 40. Ra7 f5 41. Kf3 Kf6 42. Kg2 Re6 43. Kf3 Kg7 44. Rb7 Kh6 45. Ra7 Re1
46. Kg2 e5 47. f3 Re2+ 48. Kf1 Rh2 49. Kg1 Re2 50. Kf1 Rh2 1/2-1/2

[Event "European Championship"]
[Site "Plovdiv BUL"]
[Date "2012.03.29"]
[Round "9"]
[White "Alonso Rosell, Alvar"]
[Black "Mamedyarov, Shakhriyar"]
[Result "*"]
[WhiteElo "2513"]
[BlackElo "2752"]
[PlyCount "38"]
[EventDate "2012.03.20"]
[EventRounds "11"]
[EventCountry "BUL"]

1. d4 g6 2. c4 Bg7 3. e4 d6 4. Nc3 Nf6 5. Nf3 O-O 6. h3 c5 7. d5 b5 8. cxb5 a6
9. a4 Nbd7 10. Rb1 axb5 11. axb5 Nb6 12. Be2 e6 13. dxe6 Bxe6 14. O-O d5 15.
exd5 Nbxd5 16. Nxd5 Nxd5 17. Bg5 Qb6 18. Qd2 Nc7 19. Bh6 Nxb5 *

[Event "European Championship"]
[Site "Plovdiv BUL"]
[Date "2012.03.29"]
[Round "9"]
[White "Andreikin, Dmitry"]
[Black "Istratescu, Andrei"]
[Result "1-0"]
[WhiteElo "2689"]
[BlackElo "2633"]
[PlyCount "63"]
[EventDate "2012.03.20"]
[EventRounds "11"]
[EventCountry "BUL"]

1. c4 c6 2. Nf3 d5 3. e3 Nf6 4. Nc3 a6 5. b3 Bg4 6. Bb2 e6 7. Be2 Nbd7 8. h3
Bxf3 9. Bxf3 Bd6 10. d4 b5 11. O-O O-O 12. Re1 Rb8 13. Rb1 Re8 14. e4 dxe4 15.
Nxe4 Nxe4 16. Bxe4 bxc4 17. Bxc6 cxb3 18. axb3 Re7 19. d5 Nc5 20. Bc3 exd5 21.
Qxd5 Rxe1+ 22. Rxe1 Bf8 23. Re3 Ne6 24. Be5 Rc8 25. Bb7 Rc1+ 26. Kh2 Qb6 27.
Bg3 a5 28. Qd7 a4 29. Bd5 h6 30. Rf3 Ng5 31. Rxf7 Kh7 32. Rxf8 1-0

[Event "European Championship"]
[Site "Plovdiv BUL"]
[Date "2012.03.29"]
[Round "9"]
[White "Azarov, Sergei"]
[Black "Bacrot, Etienne"]
[Result "1/2-1/2"]
[WhiteElo "2667"]
[BlackElo "2706"]
[PlyCount "77"]
[EventDate "2012.03.20"]
[EventRounds "11"]
[EventCountry "BUL"]

1. e4 e5 2. Nf3 Nc6 3. Bb5 Nf6 4. O-O Nxe4 5. d4 Nd6 6. Bxc6 dxc6 7. dxe5 Nf5
8. Qxd8+ Kxd8 9. Nc3 Ke8 10. h3 h5 11. Rd1 Be7 12. Ne4 Be6 13. Nfg5 Bd5 14. b3
b5 15. Nc3 Rd8 16. Bf4 Rh6 17. Nxd5 Rxd5 18. Nf3 Rg6 19. c3 Rxd1+ 20. Rxd1 c5
21. Kf1 Ra6 22. Rd2 h4 23. g4 hxg3 24. fxg3 g6 25. g4 Ng7 26. Be3 Ra3 27. Rc2
Ra6 28. h4 Ne6 29. Kg2 c4 30. bxc4 Ra4 31. cxb5 Rxg4+ 32. Kh3 Ra4 33. Nd4 Nxd4
34. cxd4 Ra3 35. Re2 Ra5 36. Rb2 Ra3 37. Re2 Ra5 38. Rb2 Ra3 39. Re2 1/2-1/2

[Event "European Championship"]
[Site "Plovdiv BUL"]
[Date "2012.03.29"]
[Round "9"]
[White "Dreev, Aleksey"]
[Black "Melkumyan, Hrant"]
[Result "1-0"]
[WhiteElo "2698"]
[BlackElo "2628"]
[PlyCount "73"]
[EventDate "2012.03.20"]
[EventRounds "11"]
[EventCountry "BUL"]

1. d4 Nf6 2. c4 g6 3. Nc3 d5 4. Bg5 Bg7 5. Bxf6 Bxf6 6. cxd5 c5 7. Nf3 cxd4 8.
Nxd4 Qb6 9. Nb3 O-O 10. e3 Rd8 11. Rc1 Na6 12. Bc4 Bf5 13. O-O Rac8 14. Qe2 Nb4
15. e4 Bg4 16. Qxg4 Rxc4 17. d6 Rxd6 18. Nd5 Rxc1 19. Nxb6 Rxf1+ 20. Kxf1 Rxb6
21. Nc5 Rc6 22. e5 Rxc5 23. exf6 Nd5 24. fxe7 Nxe7 25. Qd7 Rc1+ 26. Ke2 Nc6 27.
Qxb7 a5 28. Qb6 h5 29. f4 Nb4 30. Qxa5 Rc2+ 31. Kf3 Rxb2 32. Qd8+ Kh7 33. Qf6
Nd3 34. Qxf7+ Kh6 35. Qf8+ Kh7 36. Qe7+ Kh6 37. Qe3 1-0

[Event "European Championship"]
[Site "Plovdiv BUL"]
[Date "2012.03.29"]
[Round "9"]
[White "Fressinet, Laurent"]
[Black "Korobov, Anton"]
[Result "1-0"]
[WhiteElo "2693"]
[BlackElo "2679"]
[PlyCount "128"]
[EventDate "2012.03.20"]
[EventRounds "11"]
[EventCountry "BUL"]

1. d4 d5 2. c4 c6 3. Nf3 Nf6 4. e3 e6 5. Bd3 Nbd7 6. O-O dxc4 7. Bxc4 b5 8. Bd3
Bb7 9. a4 b4 10. Nbd2 c5 11. Qe2 Be7 12. Rd1 O-O 13. a5 Rc8 14. Nc4 cxd4 15.
exd4 Nd5 16. a6 Ba8 17. Nfe5 N7f6 18. Bg5 h6 19. Bd2 Nb6 20. Nxb6 Qxb6 21. Be3
Bd5 22. Rac1 b3 23. h3 Rfd8 24. Qf1 Bd6 25. Bb1 Qb8 26. Rxc8 Rxc8 27. Rc1 Rc7
28. Nc4 Bxc4 29. Rxc4 Nd5 30. Bd2 Bh2+ 31. Kh1 Bf4 32. Bxf4 Nxf4 33. Rc5 Rxc5
34. dxc5 Qe5 35. Qc1 Ne2 36. Qd1 Nd4 37. Qc1 Qd5 38. Qc3 e5 39. Bd3 Kf8 40. Qb4
Nc6 41. Qb5 g5 42. Bc4 Qe4 43. f3 Qe1+ 44. Kh2 g4 45. fxg4 Qe4 46. Qxb3 Qf4+
47. Kg1 Qc1+ 48. Kh2 Qf4+ 49. Kg1 Qc1+ 50. Bf1 Qxc5+ 51. Kh1 e4 52. Qb5 Qc1 53.
Qc4 Qd1 54. Kh2 Qd6+ 55. Kh1 Qd1 56. Qc5+ Kg8 57. Kg1 Nd4 58. Qe5 Nb3 59. Qb8+
Kg7 60. Qxa7 Nd2 61. Qd4+ Kg8 62. Qf6 e3 63. a7 Qa1 64. Qa6 Qe1 1-0

[Event "European Championship"]
[Site "Plovdiv BUL"]
[Date "2012.03.29"]
[Round "9"]
[White "Giri, Anish"]
[Black "Kabanov, Nikolai"]
[Result "1/2-1/2"]
[WhiteElo "2717"]
[BlackElo "2502"]
[PlyCount "81"]
[EventDate "2012.03.20"]
[EventRounds "11"]
[EventCountry "BUL"]

1. d4 Nf6 2. Bg5 d5 3. Bxf6 exf6 4. e3 Bd6 5. Bd3 O-O 6. Nd2 c6 7. Qf3 Re8 8.
Ne2 Nd7 9. h4 Nf8 10. g4 Qd7 11. Rg1 b5 12. O-O-O b4 13. e4 a5 14. exd5 cxd5
15. Qxd5 Bb7 16. Qf5 Qc7 17. g5 fxg5 18. Qxg5 g6 19. Kb1 Rac8 20. Ng3 Ne6 21.
Qg4 Bxg3 22. Qxg3 Nxd4 23. h5 Ne2 24. Qxc7 Rxc7 25. Rg4 Rc5 26. hxg6 hxg6 27.
Ka1 Rh5 28. f3 Kg7 29. Re1 Rh2 30. a3 bxa3 31. bxa3 Rd8 32. Nf1 Rf2 33. Bxe2
Rxe2 34. Rxe2 Bxf3 35. Rxg6+ fxg6 36. Rh2 Bc6 37. Kb2 g5 38. Kc3 Kg6 39. Ne3
Re8 40. Kd3 Rd8+ 41. Kc4 1/2-1/2

[Event "European Championship"]
[Site "Plovdiv BUL"]
[Date "2012.03.29"]
[Round "9"]
[White "Inarkiev, Ernesto"]
[Black "Sokolov, Ivan"]
[Result "1-0"]
[WhiteElo "2695"]
[BlackElo "2653"]
[PlyCount "75"]
[EventDate "2012.03.20"]
[EventRounds "11"]
[EventCountry "BUL"]

1. e4 e5 2. Nf3 Nc6 3. Bb5 Nge7 4. Nc3 d6 5. d4 a6 6. Be2 Nxd4 7. Nxd4 exd4 8.
Qxd4 Nc6 9. Qd3 g6 10. h4 Bg7 11. Bg5 f6 12. Be3 Be6 13. Nd5 Qd7 14. O-O-O f5
15. h5 Ne5 16. Qb3 Bxd5 17. Qxd5 O-O-O 18. Bg5 c6 19. Qb3 Rdf8 20. f4 h6 21.
fxe5 hxg5 22. Rxd6 Qc7 23. Rhd1 Rd8 24. hxg6 Kb8 25. Rxd8+ Rxd8 26. Rxd8+ Qxd8
27. Bxa6 Qc7 28. Qxb7+ Qxb7 29. Bxb7 Bxe5 30. Bxc6 Kc7 31. Bd5 Kd6 32. b4 g4
33. Kd2 f4 34. Ke2 Ke7 35. Bc6 Kf6 36. Bd7 Kxg6 37. Bxg4 Kf6 38. Kd3 1-0

[Event "European Championship"]
[Site "Plovdiv BUL"]
[Date "2012.03.29"]
[Round "9"]
[White "Jones, Gawain C B"]
[Black "Volokitin, Andrei"]
[Result "1/2-1/2"]
[WhiteElo "2635"]
[BlackElo "2695"]
[PlyCount "165"]
[EventDate "2012.03.20"]
[EventRounds "11"]
[EventCountry "BUL"]

1. d4 Nf6 2. c4 e6 3. Nc3 Bb4 4. Qc2 O-O 5. e4 d5 6. e5 Ne4 7. Bd3 c5 8. Nf3
cxd4 9. Nxd4 Nc5 10. Bxh7+ Kh8 11. Nf3 d4 12. Bg5 f6 13. exf6 gxf6 14. Bf4 d3
15. Qd1 Kxh7 16. O-O Nc6 17. Nh4 Qe8 18. Nb5 e5 19. Nd6 Qd7 20. Nhf5 Kh8 21.
Bh6 Rf7 22. a3 Ne4 23. Qh5 Rh7 24. axb4 Nxd6 25. Nxd6 Ne7 26. Bg7+ Kxg7 27.
Qf7+ Kh6 28. Qxf6+ Ng6 29. f4 Qe7 30. fxe5 Qxf6 31. exf6 Bg4 32. Rf2 Rd7 33. c5
Ne5 34. Kf1 Nf7 35. Nc4 Re8 36. Rxa7 Re4 37. Nd2 Rxb4 38. b3 Rc7 39. Ra4 Rxa4
40. bxa4 Rxc5 41. Rf4 Rf5 42. Rxf5 Bxf5 43. Kf2 Kg5 44. Ke3 Kxf6 45. g4 Bxg4
46. Kxd3 Ne5+ 47. Kc3 Ke6 48. Kb4 Kd5 49. Kb5 Nd7 50. Nb1 Kd4 51. h4 Be2+ 52.
Kb4 Nf6 53. Nd2 Nd5+ 54. Ka3 Ne3 55. Kb4 Nc2+ 56. Kb3 Bd1 57. Nb1 Ne3+ 58. Kb4
Nd5+ 59. Ka3 Nc3 60. Nd2 Bxa4 61. h5 Bc2 62. Nf3+ Kc4 63. Ne5+ Kd5 64. Ng4 Bf5
65. h6 Ke6 66. Kb4 Nd5+ 67. Kc5 b6+ 68. Kb5 Kd6 69. Kc4 Bg6 70. Kd4 Ne7 71. Kc4
Nd5 72. Kd4 Nc7 73. Nf6 Ne6+ 74. Kc4 Kc6 75. h7 b5+ 76. Kb4 Bxh7 77. Nxh7 Nc7
78. Nf6 Na6+ 79. Ka5 b4 80. Kxa6 b3 81. Ne4 b2 82. Nc3 b1=Q 83. Nxb1 1/2-1/2

[Event "European Championship"]
[Site "Plovdiv BUL"]
[Date "2012.03.29"]
[Round "9"]
[White "Khalifman, Alexander"]
[Black "Laznicka, Viktor"]
[Result "1-0"]
[WhiteElo "2649"]
[BlackElo "2702"]
[PlyCount "117"]
[EventDate "2012.03.20"]
[EventRounds "11"]
[EventCountry "BUL"]

1. e4 c6 2. d4 d5 3. e5 Bf5 4. Nf3 e6 5. Be2 c5 6. Be3 cxd4 7. Nxd4 Ne7 8. O-O
Nbc6 9. Bb5 a6 10. Bxc6+ bxc6 11. c4 dxc4 12. Qa4 Qd7 13. Na3 c3 14. bxc3 Nd5
15. Nxf5 exf5 16. Nc4 Be7 17. Rfd1 O-O 18. Nb6 Nxb6 19. Bxb6 Qe6 20. Bc7 f6 21.
Qb3 Kf7 22. Bd6 fxe5 23. Bxe5 Qxb3 24. axb3 Rfd8 25. Kf1 g5 26. f4 gxf4 27.
Bxf4 Rxd1+ 28. Rxd1 Ra7 29. Ra1 Bf6 30. Ra5 Bxc3 31. Rxf5+ Ke8 32. Ke2 Rf7 33.
Rxf7 Kxf7 34. Kd3 Bb4 35. g4 Be7 36. Kd4 Ke6 37. Bg3 Bf8 38. h4 Be7 39. h5 Bf8
40. Bf4 Be7 41. Ke4 Bd8 42. g5 Be7 43. Bd2 Bd8 44. g6 hxg6 45. hxg6 Be7 46. Bc3
Ba3 47. Kf4 Bc1+ 48. Kg4 Be3 49. Kh5 Bc1 50. Ba5 Be3 51. Bd8 Bf4 52. Bg5 Be5
53. Kh6 c5 54. Bd2 Kd5 55. Kh7 c4 56. bxc4+ Kc5 57. Kg8 Bd4 58. Kf7 Kxc4 59.
Bg5 1-0

[Event "European Championship"]
[Site "Plovdiv BUL"]
[Date "2012.03.29"]
[Round "9"]
[White "Kobalia, Mikhail"]
[Black "Jobava, Baadur"]
[Result "1-0"]
[WhiteElo "2666"]
[BlackElo "2706"]
[PlyCount "79"]
[EventDate "2012.03.20"]
[EventRounds "11"]
[EventCountry "BUL"]

1. e4 c6 2. d4 d5 3. exd5 cxd5 4. c4 Nf6 5. Nc3 e6 6. Nf3 Be7 7. cxd5 Nxd5 8.
Bd3 O-O 9. O-O Nc6 10. Re1 Nf6 11. a3 b6 12. Bg5 Bb7 13. Bc2 Re8 14. Qd3 g6 15.
Rad1 Nd5 16. Bh6 Rc8 17. Ba4 a6 18. Nxd5 Qxd5 19. Qe3 Bf6 20. Bb3 Qd8 21. Ne5
Qe7 22. Ng4 Na5 23. Ba2 Nc4 24. Qf4 Bg7 25. Bxg7 Kxg7 26. d5 g5 27. Qg3 h5 28.
Bxc4 Rxc4 29. Ne5 exd5 30. Nf3 Rd4 31. Rc1 Rc4 32. h4 Rxc1 33. Rxc1 Rc8 34. Re1
Qf6 35. hxg5 Qf5 36. Re7 Rc1+ 37. Kh2 Bc8 38. g6 Qg4 39. Rxf7+ Kh6 40. Qe5 1-0

[Event "European Championship"]
[Site "Plovdiv BUL"]
[Date "2012.03.29"]
[Round "9"]
[White "Kuzubov, Yuriy"]
[Black "Vallejo Pons, Francisco"]
[Result "1/2-1/2"]
[WhiteElo "2615"]
[BlackElo "2693"]
[PlyCount "82"]
[EventDate "2012.03.20"]
[EventRounds "11"]
[EventCountry "BUL"]

1. e4 c5 2. Nf3 e6 3. d4 cxd4 4. Nxd4 Nc6 5. Nc3 a6 6. Nxc6 bxc6 7. e5 Qc7 8.
Bf4 Rb8 9. Bd3 Rxb2 10. O-O f5 11. Qd2 Bb4 12. Qe1 Be7 13. Bd2 c5 14. Nd1 Rb8
15. Ne3 Nh6 16. Nc4 Nf7 17. Be2 Bb7 18. Ba5 Qc6 19. Bf3 Qa4 20. Rb1 Qxc4 21.
Bxb7 O-O 22. Qc3 Qa4 23. Bc7 Rbe8 24. Rfd1 Bd8 25. Qxc5 Bxc7 26. Qxc7 Qxa2 27.
Qc3 d5 28. exd6 Nxd6 29. Ra1 Nb5 30. Qc5 Qb2 31. Rab1 Qf6 32. Rb4 e5 33. c4 Nd4
34. Rb6 Qg5 35. Rxa6 h6 36. h3 Ne2+ 37. Kh2 e4 38. Qe3 Nf4 39. Qg3 Qxg3+ 40.
Kxg3 Nd3 41. Ra2 f4+ 1/2-1/2

[Event "European Championship"]
[Site "Plovdiv BUL"]
[Date "2012.03.29"]
[Round "9"]
[White "Navara, David"]
[Black "Maiorov, Nikita"]
[Result "1-0"]
[WhiteElo "2700"]
[BlackElo "2552"]
[PlyCount "105"]
[EventDate "2012.03.20"]
[EventRounds "11"]
[EventCountry "BUL"]

1. e4 e5 2. Nf3 Nc6 3. Bb5 a6 4. Ba4 Nf6 5. O-O Be7 6. Re1 b5 7. Bb3 d6 8. c3
O-O 9. h3 Nb8 10. d4 Nbd7 11. Nbd2 Bb7 12. Bc2 Re8 13. Nf1 Bf8 14. Bg5 h6 15.
Bh4 Be7 16. a4 g6 17. Qd2 Kg7 18. Bg3 Bf8 19. Rad1 exd4 20. e5 dxe5 21. Nxe5
Nxe5 22. Bxe5 Kg8 23. cxd4 c5 24. Ne3 cxd4 25. Qxd4 Qxd4 26. Bxd4 Nd5 27. axb5
axb5 28. Bd3 Nxe3 29. Bxe3 Re5 30. Ra1 Rxa1 31. Rxa1 Bg7 32. Ra5 Bc6 33. b4 Bf8
34. Ra6 Bd7 35. Ra8 Be8 36. Bd2 h5 37. Bc3 Re6 38. Rb8 Bd6 39. Rd8 Bf8 40. Kf1
Kh7 41. Rd5 Rd6 42. Rxh5+ Bh6 43. Bc2 f5 44. Rh4 Rc6 45. Bd2 Rxc2 46. Bxh6 Bf7
47. Be3+ Kg8 48. Rd4 Bc4+ 49. Kg1 Kf8 50. Rd7 Ke8 51. Rb7 Rb2 52. Bc5 Rd2 53.
Re7+ 1-0